[Event "52nd World Juniors 2013"]
[Site "Kocaeli TUR"]
[Date "2013.09.18"]
[Round "6.15"]
[White "Nasanjargal, Urtnasan"]
[Black "Pavlidis, Antonios"]
[Result "0-1"]
[WhiteTitle "FM"]
[BlackTitle "IM"]
[WhiteElo "2323"]
[BlackElo "2471"]
[WhiteFideId "4900774"]
[BlackFideId "4212312"]
[EventDate "2013.09.13"]

1. d4 f5 2. g3 Nf6 3. Bg2 g6 4. c4 Bg7 5. Nc3 d6 6. Nf3 O-O 7. O-O c6 8. d5 e5
9. dxe6 Bxe6 10. Bf4 Re8 11. b3 Nh5 12. Bd2 Na6 13. Rc1 Nc5 14. Be3 Qe7 15. Bd4
Nf6 16. Ng5 Bd7 17. b4 Na6 18. Qb3 h6 19. Nf3 Qf7 20. Rfd1 Be6 21. Nd2 d5 22. b5
dxc4 23. Qa4 Nb8 24. Qa5 Rc8 25. b6 0-1

[Event "52nd World Juniors 2013"]
[Site "Kocaeli TUR"]
[Date "2013.09.18"]
[Round "6.16"]
[White "Ter-Sahakyan, Samvel"]
[Black "Arvola, Benjamin"]
[Result "1-0"]
[WhiteTitle "GM"]
[BlackTitle "FM"]
[WhiteElo "2575"]
[BlackElo "2354"]
[WhiteFideId "13302531"]
[BlackFideId "1506536"]
[EventDate "2013.09.13"]

1. e4 c5 2. Nf3 d6 3. d4 Nf6 4. Nc3 cxd4 5. Nxd4 a6 6. Be3 Ng4 7. Bc1 Nf6 8. f3
e5 9. Nb3 Be6 10. Be3 Nbd7 11. Qd2 Be7 12. O-O-O O-O 13. g4 b5 14. Rg1 b4 15.
Nd5 Bxd5 16. exd5 Nb6 17. Na5 Nfxd5 18. Nc6 Qc7 19. Nxe7+ Qxe7 20. Bxb6 Nxb6 21.
Qxd6 Qg5+ 22. Qd2 Qe7 23. Bd3 a5 24. Qe3 Qe6 25. Rge1 Rac8 26. Bf5 Nc4 27. Bxe6
Nxe3 28. Bxc8 Nxd1 29. Bb7 Nf2 30. Rxe5 Rd8 31. Rd5 Re8 32. Rxa5 h5 33. Rxh5
Re1+ 34. Kd2 Rb1 35. Bd5 g6 36. Re5 Kg7 37. Re1 1-0

[Event "52nd World Juniors 2013"]
[Site "Kocaeli TUR"]
[Date "2013.09.18"]
[Round "6.17"]
[White "Dragomirescu, Robin-Alexandru"]
[Black "Iermito, Sebastian"]
[Result "0-1"]
[WhiteTitle "IM"]
[BlackTitle "IM"]
[WhiteElo "2349"]
[BlackElo "2462"]
[WhiteFideId "1213849"]
[BlackFideId "114286"]
[EventDate "2013.09.13"]

1. d4 Nf6 2. c4 c5 3. d5 e6 4. Nc3 exd5 5. cxd5 d6 6. e4 g6 7. f4 Bg7 8. Bb5+
Nfd7 9. Nf3 a6 10. Bd3 b5 11. O-O O-O 12. a3 Nb6 13. f5 N8d7 14. Bg5 Bf6 15. h4
Bb7 16. Qd2 Qe7 17. Bxf6 Qxf6 18. Rae1 Ne5 19. Nxe5 Qxe5 20. f6 Nd7 21. Qf2 Rfe8
22. Re3 b4 23. Ne2 bxa3 24. bxa3 Bxd5 25. h5 Be6 26. hxg6 hxg6 27. Rg3 Reb8 28.
Nf4 Nf8 29. Qe3 0-1

[Event "52nd World Juniors 2013"]
[Site "Kocaeli TUR"]
[Date "2013.09.18"]
[Round "6.18"]
[White "Javakhadze, Zurab"]
[Black "Benitez Lozano, Javier"]
[Result "1-0"]
[WhiteTitle "IM"]
[BlackTitle "CM"]
[WhiteElo "2457"]
[BlackElo "2308"]
[WhiteFideId "13603647"]
[BlackFideId "5102472"]
[EventDate "2013.09.13"]

1. Nf3 Nf6 2. c4 g6 3. b4 Bg7 4. Bb2 O-O 5. e3 d6 6. d4 Nbd7 7. Be2 e5 8. O-O
Re8 9. Nc3 exd4 10. Nxd4 d5 11. Nxd5 Nxd5 12. cxd5 Nb6 13. Rc1 Nxd5 14. Qb3 a6
15. a4 c6 16. Bc4 Qe7 17. b5 axb5 18. axb5 Nb6 19. bxc6 Nxc4 20. Qxc4 bxc6 21.
Nxc6 Qg5 22. h4 Qf5 23. Bxg7 Kxg7 24. Qd4+ Qf6 25. Rfd1 Ra2 26. Qxf6+ Kxf6 27.
Rd6+ Re6 28. Rd4 Ba6 29. Nb4 Ra3 30. Rc7 1-0

[Event "52nd World Juniors 2013"]
[Site "Kocaeli TUR"]
[Date "2013.09.18"]
[Round "6.19"]
[White "Fang, Yan"]
[Black "Nagy, Gabor1"]
[Result "1-0"]
[BlackTitle "IM"]
[WhiteElo "2281"]
[BlackElo "2457"]
[WhiteFideId "8604746"]
[BlackFideId "737119"]
[EventDate "2013.09.13"]

1. c4 c5 2. Nc3 Nf6 3. g3 d5 4. cxd5 Nxd5 5. Bg2 Nc7 6. d3 e5 7. Nf3 Nc6 8. Nd2
Bd7 9. O-O Be7 10. Nc4 f6 11. Bxc6 Bxc6 12. Na5 Qd7 13. Qb3 b6 14. Nxc6 Qxc6 15.
Be3 Qe6 16. Qa4+ Qd7 17. Qb3 h5 18. f3 g5 19. a4 f5 20. Qc4 a6 21. Bf2 O-O-O 22.
Na2 a5 23. Rfc1 Kb7 24. Nc3 g4 25. Ra3 gxf3 26. Rb3 Qe6 27. exf3 h4 28. g4 Qxc4
29. dxc4 Rd3 30. Rd1 Rhd8 31. Rxd3 Rxd3 32. gxf5 Rxf3 33. Kg2 Rxf5 34. Ne4 Ne6
35. Rf3 h3+ 36. Kg3 Rxf3+ 37. Kxf3 Ng5+ 38. Nxg5 Bxg5 39. Bg3 Bf6 40. Ke4 Kc6
41. Bxe5 Bd8 42. Kf5 Kd7 43. Bg3 Be7 44. Kg4 Bf6 45. b3 Ke6 46. Bc7 Be5 47. Bxe5
Kxe5 48. Kxh3 Kd4 49. Kg3 Kc3 50. h4 Kxb3 51. h5 Kxc4 52. h6 Kb3 53. h7 c4 54.
h8=Q c3 55. Kf3 1-0

[Event "52nd World Juniors 2013"]
[Site "Kocaeli TUR"]
[Date "2013.09.18"]
[Round "6.21"]
[White "Carneiro, Vitor Roberto Castro"]
[Black "Martinez Romero, Martin"]
[Result "0-1"]
[WhiteTitle "CM"]
[BlackTitle "IM"]
[WhiteElo "2263"]
[BlackElo "2404"]
[WhiteFideId "2130106"]
[BlackFideId "4404025"]
[EventDate "2013.09.13"]

1. c4 Nf6 2. g3 g6 3. Bg2 Bg7 4. Nc3 O-O 5. e4 d6 6. Nge2 c5 7. O-O Nc6 8. d3 a6
9. h3 Nd7 10. Be3 Nd4 11. Rb1 Rb8 12. b4 b5 13. cxb5 axb5 14. bxc5 Nxe2+ 15.
Nxe2 dxc5 16. d4 c4 17. Qd2 e5 18. d5 Qc7 19. Rb4 Ba6 20. a4 bxa4 21. Rxa4 c3
22. Nxc3 Bxf1 23. Bxf1 Ra8 24. Nb5 Qb7 25. Na7 Rfb8 26. Kh2 Bf8 27. d6 Nf6 28.
Qa2 Qb1 29. Qc4 Qe1 30. Bg2 h5 31. Bc5 Rb1 32. f4 exf4 33. gxf4 Ng4+ 34. hxg4
Qh4+ 35. Bh3 Rb2+ 36. Kg1 Qxh3 0-1

[Event "52nd World Juniors 2013"]
[Site "Kocaeli TUR"]
[Date "2013.09.18"]
[Round "6.22"]
[White "Nuri, Murad"]
[Black "De Filomeno, Simone"]
[Result "1/2-1/2"]
[BlackTitle "FM"]
[WhiteElo "2206"]
[BlackElo "2392"]
[WhiteFideId "13404474"]
[BlackFideId "828688"]
[EventDate "2013.09.13"]

1. e4 c5 2. Nf3 d6 3. Nc3 Nf6 4. e5 dxe5 5. Nxe5 a6 6. Be2 Qc7 7. d4 e6 8. Be3
Nbd7 9. Nxd7 Bxd7 10. Bf3 Bd6 11. Qe2 cxd4 12. Bxd4 e5 13. O-O-O O-O 14. Be3
Rac8 15. Ne4 Bf5 16. Bg5 Nxe4 17. Bxe4 Bxe4 18. Qxe4 Bc5 19. Rd2 Bd4 20. c3 h6
21. Be3 Bxe3 22. fxe3 Rcd8 23. Rhd1 f5 24. Qh4 Rxd2 25. Rxd2 e4 26. Rd4 1/2-1/2

[Event "52nd World Juniors 2013"]
[Site "Kocaeli TUR"]
[Date "2013.09.18"]
[Round "6.23"]
[White "Grandelius, Nils"]
[Black "Vucic, Mihovil"]
[Result "1-0"]
[WhiteTitle "GM"]
[WhiteElo "2576"]
[BlackElo "2063"]
[WhiteFideId "1710400"]
[BlackFideId "14514990"]
[EventDate "2013.09.13"]

1. Nf3 Nf6 2. g3 e6 3. Bg2 Be7 4. O-O d5 5. c4 O-O 6. b3 Nc6 7. d4 Ne4 8. Bb2
Bd7 9. Nc3 Be8 10. e3 f5 11. Ne2 Bf7 12. Rc1 a5 13. a3 Bf6 14. Qc2 Rc8 15. Rfd1
Qe7 16. Ne5 Bh5 17. f3 Ng5 18. Kf2 Rfe8 19. Nf4 g6 1-0

[Event "52nd World Juniors 2013"]
[Site "Kocaeli TUR"]
[Date "2013.09.18"]
[Round "6.25"]
[White "Chu, Wei Chao"]
[Black "Farid, Firman Syah"]
[Result "1/2-1/2"]
[BlackTitle "IM"]
[WhiteElo "2270"]
[BlackElo "2433"]
[WhiteFideId "8605661"]
[BlackFideId "7102526"]
[EventDate "2013.09.13"]

1. d4 Nf6 2. c4 e6 3. Nf3 Bb4+ 4. Nbd2 b6 5. a3 Bxd2+ 6. Bxd2 Bb7 7. Bg5 d6 8.
e3 Nbd7 9. Bd3 h6 10. Bh4 Qe7 11. Qc2 O-O 12. e4 e5 13. d5 c6 14. O-O Rfc8 15.
Qe2 Qf8 16. b4 Nh5 17. Bg3 cxd5 18. cxd5 Rc3 19. Rfc1 Rac8 20. Qd2 R3c7 21. Rxc7
Rxc7 22. Rc1 Qc8 23. Rxc7 Qxc7 24. Nh4 g6 25. f3 Nxg3 26. hxg3 Kg7 27. g4 b5 28.
g3 a6 29. Ng2 Qb6+ 30. Qe3 Qc7 31. Qd2 Qb6+ 32. Qe3 1/2-1/2

[Event "52nd World Juniors 2013"]
[Site "Kocaeli TUR"]
[Date "2013.09.18"]
[Round "6.26"]
[White "Emiroglu, Cankut"]
[Black "Ferreira, Jorge Viterbo"]
[Result "1-0"]
[WhiteTitle "CM"]
[BlackTitle "FM"]
[WhiteElo "2260"]
[BlackElo "2426"]
[WhiteFideId "6306659"]
[BlackFideId "1910850"]
[EventDate "2013.09.13"]

1. e4 c5 2. Nf3 Nc6 3. Bb5 Nf6 4. e5 Nd5 5. O-O Nc7 6. Bxc6 dxc6 7. h3 Bf5 8. d3
h6 9. Nbd2 e6 10. Qe2 Nb5 11. Nc4 Be7 12. a4 Nd4 13. Nxd4 Qxd4 14. Be3 Qd5 15.
a5 g5 16. Rfd1 h5 17. d4 Qe4 18. dxc5 g4 19. hxg4 Bxg4 20. Qd3 1-0

[Event "52nd World Juniors 2013"]
[Site "Kocaeli TUR"]
[Date "2013.09.18"]
[Round "6.27"]
[White "Ashiku, Franc"]
[Black "Sunilduth Lyna, Narayanan"]
[Result "1/2-1/2"]
[WhiteElo "2253"]
[BlackElo "2408"]
[WhiteFideId "4700066"]
[BlackFideId "5058422"]
[EventDate "2013.09.13"]

1. e4 c5 2. c3 d5 3. exd5 Qxd5 4. d4 g6 5. Nf3 cxd4 6. Qxd4 Nf6 7. Bc4 Qxd4 8.
Nxd4 a6 9. O-O Bg7 10. Re1 e6 11. Bf4 O-O 12. a4 b6 13. Nd2 Nbd7 14. Bf1 Bb7 15.
Nc4 Bd5 16. Ne5 Rfc8 17. c4 Bb7 18. b4 Nh5 19. Nxd7 Nxf4 20. Rad1 Rd8 21. Nxb6
Rab8 22. Nb3 Bc3 23. Rxd8+ Rxd8 24. Rc1 Bxb4 25. c5 Ba3 26. Ra1 Bb4 27. Rc1 Ba3
28. c6 Bxc1 29. cxb7 Rb8 30. Na5 Nd5 31. Nd7 Re8 1/2-1/2

[Event "52nd World Juniors 2013"]
[Site "Kocaeli TUR"]
[Date "2013.09.18"]
[Round "6.29"]
[White "Docena, Jerad"]
[Black "Laurusas, Tomas"]
[Result "0-1"]
[WhiteElo "2227"]
[BlackElo "2398"]
[WhiteFideId "5208173"]
[BlackFideId "12803731"]
[EventDate "2013.09.13"]

1. e4 c5 2. Nf3 e6 3. d4 cxd4 4. Nxd4 a6 5. c4 Nf6 6. Nc3 Bb4 7. Qc2 Qc7 8. a3
Bc5 9. Nb3 Ba7 10. Be2 Nc6 11. f4 d6 12. Bd2 Nd7 13. Nd5 exd5 14. cxd5 Qb6 15.
dxc6 Qf2+ 16. Kd1 bxc6 17. Bf3 O-O 18. Bc3 Qh4 19. g3 Qh6 20. Nd4 Bxd4 21. Bxd4
c5 22. Bc3 Bb7 23. Qd3 Rac8 24. Kc2 c4 25. Qd4 Nc5 26. Rad1 d5 27. Bg4 Nb3 28.
Qa7 Rc7 29. Be5 d4 0-1

[Event "52nd World Juniors 2013"]
[Site "Kocaeli TUR"]
[Date "2013.09.18"]
[Round "6.30"]
[White "Georgiadis, Nico"]
[Black "Yuksel, Atilla Koksal"]
[Result "1-0"]
[WhiteTitle "FM"]
[BlackTitle "CM"]
[WhiteElo "2396"]
[BlackElo "2060"]
[WhiteFideId "1300113"]
[BlackFideId "6306667"]
[EventDate "2013.09.13"]

1. e4 c5 2. Nf3 Nc6 3. d4 cxd4 4. Nxd4 Nf6 5. Nc3 d6 6. Bg5 e6 7. Qd2 Be7 8.
O-O-O O-O 9. f4 Nxd4 10. Qxd4 Qa5 11. e5 dxe5 12. Qxe5 Qxe5 13. fxe5 Nd5 14.
Bxe7 Nxe7 15. Bd3 b6 16. Be4 Rb8 17. Rhe1 Bb7 18. Rd7 Bxe4 19. Rxe4 Nc6 20. Nb5
Rfd8 21. Rd6 Rbc8 22. Rc4 Nxe5 23. Rxc8 Rxc8 24. Nxa7 Rb8 25. Nc6 Nxc6 26. Rxc6
g5 27. c4 Kg7 28. a4 Kf6 29. Rc7 h5 30. Kc2 e5 31. Kc3 Ke6 32. Rc6+ Kf5 33. c5
bxc5 34. Rxc5 Ke6 35. b4 f5 36. a5 f4 37. a6 g4 38. b5 f3 39. gxf3 gxf3 40. a7
Rf8 41. Kb3 f2 42. Rc1 e4 43. b6 e3 44. b7 e2 45. b8=Q f1=Q 46. Rc6+ Kd5 47.
Qd6+ Ke4 48. Rc4+ Ke3 49. Qc5+ Kd2 50. Qd4+ 1-0

[Event "52nd World Juniors 2013"]
[Site "Kocaeli TUR"]
[Date "2013.09.18"]
[Round "6.31"]
[White "Buyukasik, Diyap"]
[Black "Akhmetov, Ayan"]
[Result "1/2-1/2"]
[WhiteElo "2046"]
[BlackElo "2382"]
[WhiteFideId "6319602"]
[BlackFideId "13703706"]
[EventDate "2013.09.13"]

1. Nf3 Nf6 2. g3 d5 3. Bg2 Bf5 4. O-O c6 5. d3 h6 6. c4 e6 7. Be3 Nbd7 8. Qb3
Qc7 9. Rc1 dxc4 10. Qxc4 Ng4 11. Bd4 e5 12. Bc3 Qb6 13. Rf1 Bd6 14. Nbd2 O-O 15.
Ne4 Be6 16. Qa4 Qc7 17. Nxd6 Qxd6 18. h3 Ngf6 19. Rfd1 Nd5 20. e4 N5b6 21. Qa5
c5 22. b4 Rfc8 23. Qa3 f6 24. Rac1 a5 25. bxa5 Qc6 26. Nh4 Kh7 27. Nf5 Re8 28.
Ne3 Na4 29. Be1 b5 30. d4 exd4 31. e5 Qa6 32. Bxa8 Qxa8 33. Qd3+ Kg8 34. f4 dxe3
35. Qxb5 Bxh3 36. Rc2 Qe4 37. Rh2 Rb8 38. Qd3 Qxd3 39. Rxd3 Bf5 40. Rxe3 c4 41.
a6 Ndc5 42. exf6 Nxa6 43. fxg7 Kxg7 44. Re7+ Kg8 45. Rxh6 N6c5 46. Rh5 Be4 47.
Rhe5 Rb1 48. Rxe4 Nxe4 49. Rxe4 c3 50. Re2 Nc5 51. Kg2 Rb2 52. Kf3 c2 53. Bd2
Rb1 54. Re8+ Kf7 55. Rc8 c1=Q 56. Bxc1 Rxc1 57. Kg4 Ke6 58. Re8+ Kf7 59. Re3 Kf6
60. Ra3 Rc2 61. Ra5 Rc3 62. Rb5 Ne4 63. Rb6+ Kf7 64. Rb3 Nf2+ 65. Kh4 Rc2 66. a4
Ra2 67. Rb4 Nd3 68. Rd4 Nc5 69. Rc4 Nxa4 70. Kg5 Nb6 71. Rc7+ Kf8 72. f5 Nd5 73.
Rc5 Rd2 74. g4 Rd4 75. Rc8+ Ke7 76. Rc6 Kf7 77. Re6 Ra4 78. Rh6 Re4 79. Rh7+ Kg8
80. Rh6 1/2-1/2

[Event "52nd World Juniors 2013"]
[Site "Kocaeli TUR"]
[Date "2013.09.18"]
[Round "6.32"]
[White "Ozdover, Mustafa Berkay"]
[Black "Franklin, Samuel G A"]
[Result "1-0"]
[BlackTitle "FM"]
[WhiteElo "2005"]
[BlackElo "2353"]
[WhiteFideId "6311482"]
[BlackFideId "468576"]
[EventDate "2013.09.13"]

1. d4 Nf6 2. c4 g6 3. Nc3 Bg7 4. e4 d6 5. f3 O-O 6. Be3 c5 7. Nge2 Nc6 8. d5 Ne5
9. Ng3 e6 10. Be2 exd5 11. cxd5 a6 12. a4 Bd7 13. O-O b5 14. axb5 axb5 15. Rxa8
Qxa8 16. Nxb5 Bxb5 17. Bxb5 Rb8 18. Be2 Rxb2 19. Bc1 Rb1 20. Qc2 Qb7 21. Rd1 Ne8
22. Nf1 Nc7 23. Nd2 Ra1 24. Nb3 Ra8 25. f4 Nd7 26. e5 Qb6 27. Be3 Re8 28. Bf2
Bf8 29. e6 Nf6 30. f5 gxf5 31. Qxf5 Bg7 32. exf7+ Kxf7 33. Bh5+ Kf8 34. Nxc5
dxc5 35. d6 Nb5 36. Bxc5 1-0

[Event "52nd World Juniors 2013"]
[Site "Kocaeli TUR"]
[Date "2013.09.18"]
[Round "6.33"]
[White "Pon, Matt"]
[Black "Lozhnikov, Vyacheslav"]
[Result "0-1"]
[WhiteTitle "FM"]
[BlackTitle "FM"]
[WhiteElo "1919"]
[BlackElo "2339"]
[WhiteFideId "14301644"]
[BlackFideId "13704761"]
[EventDate "2013.09.13"]

1. d4 Nf6 2. Nf3 g6 3. Nbd2 d5 4. b4 Bg7 5. e3 O-O 6. c4 a5 7. b5 c5 8. Bb2 cxd4
9. Bxd4 Bf5 10. Be2 Ne4 11. Bxg7 Kxg7 12. Nxe4 dxe4 13. Nd4 e5 14. Nxf5+ gxf5
15. Qc2 Qe7 16. Rd1 Nd7 17. g4 Nc5 18. gxf5 Rad8 19. Rd5 Rxd5 20. cxd5 b6 21.
Rg1+ Kh8 22. Rg4 Qd7 23. f3 Qxf5 24. fxe4 Qf6 25. Rg3 Rg8 26. Rxg8+ Kxg8 27. Bf1
Qh4+ 28. Kd1 Qxe4 29. Qxe4 Nxe4 30. Kc2 Nd6 31. Kd3 f5 32. Bh3 Kf7 33. e4 fxe4+
34. Ke3 Nxb5 35. Kxe4 Kf6 36. d6 Nxd6+ 37. Kd5 Nb5 38. Kc6 Nc3 39. Kxb6 Nxa2 40.
Kxa5 e4 0-1

[Event "52nd World Juniors 2013"]
[Site "Kocaeli TUR"]
[Date "2013.09.18"]
[Round "6.35"]
[White "Grandadam, Nicolas"]
[Black "Zor, Alber Kadir"]
[Result "1-0"]
[WhiteTitle "FM"]
[WhiteElo "2309"]
[BlackElo "1948"]
[WhiteFideId "681806"]
[BlackFideId "6353169"]
[EventDate "2013.09.13"]

1. Nf3 Nf6 2. c4 e6 3. Nc3 d5 4. d4 c6 5. g3 dxc4 6. Bg2 b5 7. Ne5 Qb6 8. a4 Bb7
9. O-O a6 10. e4 Qc7 11. Bf4 Bd6 12. Nxf7 Bxf4 13. Nxh8 Bh6 14. e5 Nd5 15. Qh5+
Kf8 16. Ne4 c5 17. Nd6 Nc6 18. Bxd5 exd5 19. Qf3+ Kg8 20. Qxd5+ Kxh8 21. Nf7+
Kg8 22. Nxh6+ Kh8 23. Nf7+ Kg8 24. Nd6+ Kh8 25. Nxb7 Qxb7 26. axb5 1-0

[Event "52nd World Juniors 2013"]
[Site "Kocaeli TUR"]
[Date "2013.09.18"]
[Round "6.36"]
[White "Ratkovic, Milovan"]
[Black "Uysal, Burak"]
[Result "1/2-1/2"]
[WhiteElo "2302"]
[BlackElo "1928"]
[WhiteFideId "914525"]
[BlackFideId "6339387"]
[EventDate "2013.09.13"]

1. d4 Nf6 2. c4 c5 3. d5 b5 4. Nf3 bxc4 5. Nc3 d6 6. e4 g6 7. Bxc4 Bg7 8. O-O
O-O 9. e5 Nfd7 10. e6 Ne5 11. Nxe5 Bxe5 12. Bh6 Bg7 13. Bxg7 Kxg7 14. f4 f5 15.
g4 Ba6 16. Bxa6 Nxa6 17. g5 Qa5 18. Qe2 Rab8 19. h4 Nc7 20. h5 Nb5 21. Qf3 Nd4
22. Qh3 Rh8 23. h6+ Kf8 24. Rab1 Ke8 25. b4 Rxb4 26. Qd3 Rb6 27. Ne2 Nxe2+ 28.
Qxe2 Kd8 29. Rxb6 Qxb6 30. Qc2 c4+ 31. Kh2 Kc7 32. Qxc4+ Qc5 33. Qa4 Rd8 34. Rf3
Kb8 35. Rb3+ Ka8 36. Rb2 Rb8 37. Rxb8+ Kxb8 38. Qe8+ Qc8 39. Qb5+ Qb7 40. Qe8+
Qc8 41. Qb5+ Qb7 42. Qc4 Qc7 43. Qb5+ 1/2-1/2

[Event "52nd World Juniors 2013"]
[Site "Kocaeli TUR"]
[Date "2013.09.18"]
[Round "6.37"]
[White "Tomazini, Zan"]
[Black "Cingoz, Ozan"]
[Result "1-0"]
[WhiteTitle "FM"]
[WhiteElo "2277"]
[BlackElo "1918"]
[WhiteFideId "14608162"]
[BlackFideId "6333397"]
[EventDate "2013.09.13"]

1. e4 g6 2. d4 Bg7 3. Nc3 c5 4. d5 d6 5. h3 Nf6 6. Nf3 O-O 7. Be2 Na6 8. O-O Nc7
9. a4 b6 10. Bf4 a6 11. Re1 Rb8 12. e5 Nfe8 13. Bf1 Bb7 14. Qd2 Ba8 15. exd6
exd6 16. Bg5 Nf6 17. Qf4 b5 18. axb5 axb5 19. Rad1 b4 20. Ne4 Ncxd5 21. Nxf6+
Qxf6 22. Qxf6 Nxf6 23. Rxd6 Ne4 24. Rd7 Nxg5 25. Nxg5 Bc6 26. Rxf7 Rxf7 27. Bc4
Rb7 28. Nxf7 Kf8 29. Nd8 1-0

[Event "52nd World Juniors 2013"]
[Site "Kocaeli TUR"]
[Date "2013.09.18"]
[Round "6.38"]
[White "Meribanov, Vitaly"]
[Black "Koksal, Ege"]
[Result "1/2-1/2"]
[WhiteTitle "FM"]
[BlackTitle "CM"]
[WhiteElo "2433"]
[BlackElo "2207"]
[WhiteFideId "13504363"]
[BlackFideId "6317626"]
[EventDate "2013.09.13"]

1. e4 e5 2. Nf3 Nc6 3. Bb5 a6 4. Ba4 Nf6 5. O-O b5 6. Bb3 Bc5 7. c3 d6 8. d4 Bb6
9. a4 Rb8 10. h3 O-O 11. Bg5 h6 12. Be3 Re8 13. axb5 axb5 14. Nbd2 d5 15. Nxe5
Nxe5 16. dxe5 Nxe4 17. Nxe4 dxe4 18. Qh5 Be6 19. Bxe6 Rxe6 20. Bxb6 Rbxb6 21.
Rfe1 g6 22. Qxh6 Rxe5 23. Qf4 Rbe6 24. Ra7 Kg7 25. Rea1 Qe7 26. Rb7 Qc5 27. Ra8
e3 28. fxe3 Rxe3 29. Qd4+ Qxd4 30. cxd4 Rb3 31. Rxc7 Rxb2 32. Raa7 Rf6 33. Rc3
Rff2 34. Rg3 Rf4 35. Rd3 Rff2 36. Rg3 Rf5 37. Rd3 Rg5 38. g4 Rd5 39. Rf3 Rxd4
40. Raxf7+ Kh6 41. Rf2 Rxf2 42. Kxf2 Kg5 43. Rb7 Rb4 44. Rb6 Rb2+ 45. Kg3 Rb3+
46. Kg2 Rb2+ 47. Kg3 1/2-1/2

[Event "52nd World Juniors 2013"]
[Site "Kocaeli TUR"]
[Date "2013.09.18"]
[Round "6.40"]
[White "Ochsner, Bjorn Moller"]
[Black "Baglan, Esat"]
[Result "1/2-1/2"]
[WhiteTitle "FM"]
[WhiteElo "2366"]
[BlackElo "2024"]
[WhiteFideId "1416928"]
[BlackFideId "6309216"]
[EventDate "2013.09.13"]

1. e4 c5 2. Nf3 d6 3. d4 cxd4 4. Nxd4 Nf6 5. Nc3 a6 6. Be3 e5 7. Nb3 Be6 8. h3
d5 9. exd5 Nxd5 10. Nxd5 Bxd5 11. Qh5 Qc7 12. O-O-O Be6 13. Bd3 Nd7 14. Kb1 Be7
15. Rhe1 Nf6 16. Qf3 O-O 17. Bg5 a5 18. Nd2 a4 19. Ne4 Nd5 20. Bxe7 Qxe7 21. Qh5
a3 22. c4 Qb4 23. Re2 f5 24. cxd5 Bxd5 25. Nc3 Be6 26. Rc1 Rad8 27. Bb5 Rc8 28.
Qg5 Rxc3 29. Rxc3 axb2 30. Rb3 Bxb3 31. axb3 Qxb5 32. Rd2 Qa5 33. Kxb2 Ra8 34.
Kc2 Qa2+ 35. Kc3 Qa5+ 36. Kc2 Qc5+ 37. Kb1 Qb6 38. Kb2 Qa5 1/2-1/2

[Event "52nd World Juniors 2013"]
[Site "Kocaeli TUR"]
[Date "2013.09.18"]
[Round "6.41"]
[White "Gundogan, Cem"]
[Black "Kathmale, Sameer"]
[Result "0-1"]
[WhiteElo "2072"]
[BlackElo "2339"]
[WhiteFideId "6311032"]
[BlackFideId "5024498"]
[EventDate "2013.09.13"]

1. e4 c6 2. d4 d5 3. Nc3 dxe4 4. Nxe4 Bf5 5. Ng3 Bg6 6. h4 h6 7. N1e2 Nf6 8. Nf4
Bh7 9. c3 e6 10. Bc4 Bd6 11. Ngh5 O-O 12. Be3 Nbd7 13. Nxf6+ Nxf6 14. Qe2 a5 15.
a4 Nd5 16. Nd3 Rb8 17. Ne5 Bxe5 18. dxe5 b5 19. axb5 cxb5 20. Bxd5 Qxd5 21. Qg4
Qxe5 22. Rxa5 Bd3 23. Qd4 Qf5 24. f3 e5 25. Qg4 Qh7 26. h5 Bc4 27. Ra6 Qd3 0-1

[Event "52nd World Juniors 2013"]
[Site "Kocaeli TUR"]
[Date "2013.09.18"]
[Round "6.43"]
[White "Yargici, Mazhar Kutay"]
[Black "Gaehwiler, Gabriel"]
[Result "0-1"]
[WhiteElo "1970"]
[BlackElo "2287"]
[WhiteFideId "6310400"]
[BlackFideId "1314530"]
[EventDate "2013.09.13"]

1. d4 Nf6 2. c4 g6 3. Nc3 Bg7 4. e4 d6 5. f4 O-O 6. Nf3 c5 7. d5 b5 8. cxb5 a6
9. Bc4 axb5 10. Bxb5 Nxe4 11. Qb3 Qa5 12. O-O Nxc3 13. bxc3 Qxc3 14. Rb1 Qxb3
15. axb3 Bf5 16. Rb2 Bxb2 17. Bxb2 Na6 18. Re1 Nb4 19. Bc4 Rfe8 20. Re3 e6 21.
dxe6 Bxe6 22. Bxe6 Rxe6 23. Rxe6 fxe6 24. Ng5 Nd3 25. Bf6 e5 0-1

[Event "52nd World Juniors 2013"]
[Site "Kocaeli TUR"]
[Date "2013.09.18"]
[Round "6.44"]
[White "Bornheim, Craig"]
[Black "Yurtseven, Melih"]
[Result "0-1"]
[WhiteTitle "CM"]
[WhiteElo "1973"]
[BlackElo "2262"]
[WhiteFideId "14300370"]
[BlackFideId "6312160"]
[EventDate "2013.09.13"]

1. d4 Nf6 2. c4 e6 3. Nf3 c5 4. d5 exd5 5. cxd5 d6 6. Nc3 g6 7. e4 a6 8. h3 b5
9. Bd3 Bg7 10. O-O O-O 11. Bf4 Bb7 12. Rc1 Qb6 13. a4 c4 14. Bb1 Nbd7 15. axb5
axb5 16. Nd4 b4 17. Ncb5 Ne5 18. Qd2 Qc5 19. Bh6 Ne8 20. Bc2 Bxh6 21. Qxh6 Ng7
22. Kh1 Ba6 23. Ba4 Bxb5 24. Nf5 gxf5 25. Bxb5 Qxb5 26. exf5 f6 27. Rfd1 Ra7 0-1

[Event "52nd World Juniors 2013"]
[Site "Kocaeli TUR"]
[Date "2013.09.18"]
[Round "6.45"]
[White "Mamyrbay, Assad"]
[Black "Neves, Pedro"]
[Result "1-0"]
[WhiteElo "1823"]
[BlackElo "2212"]
[WhiteFideId "13708880"]
[BlackFideId "1905554"]
[EventDate "2013.09.13"]

1. e4 g6 2. d4 Bg7 3. Nc3 c6 4. Nf3 d6 5. a4 Nh6 6. Be2 O-O 7. O-O d5 8. Bg5 f6
9. Bf4 Nf7 10. exd5 cxd5 11. Nb5 e5 12. Bg3 a6 13. Na3 Nc6 14. c4 e4 15. Ne1 f5
16. Nec2 Be6 17. Qd2 g5 18. f4 exf3 19. Bxf3 f4 20. Bf2 dxc4 21. Rad1 Bd5 22.
Qc3 Bxf3 23. Qxf3 Na5 24. Be1 Rc8 25. Bc3 b6 26. d5 Ne5 27. Qe4 Re8 28. Nd4 Nb7
29. Ne6 Nc5 30. Nxc5 Rxc5 31. Rfe1 Qd7 32. d6 Bf6 33. Rd5 Nf3+ 34. Qxf3 Bxc3 35.
Rxe8+ Qxe8 36. Rd1 Bxb2 37. d7 Qd8 38. Qe2 Bf6 39. Qe6+ Kg7 40. Nxc4 Qe7 41.
Qxe7+ Bxe7 42. Nd6 Ra5 43. Re1 Kf8 44. Nc8 Bf6 45. Re6 Bd4+ 46. Kf1 Rd5 47. Re8+ 1-0